Tous les vainqueurs d'étapes français de l'après-guerre sur le Tour de France - Statistiques

Statistiques générales
  • Ce quiz a été pris 21 fois
    17 depuis la dernière actualisation
  • Le résultat moyen est 36 sur 168
Statistiques - réponses
Nombre de victoires Période de victoires Coureur % Correct
6 2018-2021 Julian Alaphilippe
93%
16 1957-1964 Jacques Anquetil
86%
11 1948-1955 Louison Bobet
86%
7 1962-1974 Raymond Poulidor
86%
4 2009-2012 Thomas Voeckler
86%
28 1978-1986 Bernard Hinault
79%
4 1992-2001 Laurent Jalabert
79%
4 2015-2024 Romain Bardet
79%
3 2012-2019 Thibaut Pinot
79%
9 1983-1992 Laurent Fignon
71%
7 1994-2004 Richard Virenque
71%
22 1953-1964 André Darrigade
64%
2 2017-2018 Arnaud Démare
64%
3 1994-1998 Jacky Durand
64%
3 2008-2010 Sylvain Chavanel
64%
2 2017 Warren Barguil
64%
2 1952-1955 Antonin Rolland
57%
9 1970-1977 Bernard Thévenet
57%
1 2022 Christophe Laporte
57%
1 2008 Cyril Dessel
57%
3 1986-1987 Jean-François Bernard
57%
2 2011-2012 Pierre Rolland
57%
1 1980 Raymond Martin
57%
3 2007-2010 Sandy Casar
57%
1 2025 Valentin Paret-Peintre
57%
1 2023 Victor Lafay
57%
1 2009 Brice Feillu
50%
2 2004-2005 David Moncoutié
50%
1 1984 Marc Madiot
50%
4 2006-2012 Pierrick Fedrigo
50%
1 2014 Blel Kadri
43%
2 1997-2007 Cédric Vasseur
43%
3 1990-1991 Charly Mottet
43%
1 2001 Christophe Moreau
43%
2 2003-2004 Jean-Patrick Nazon
43%
1 1988 Jérôme Simon
43%
2 1978-1980 Mariano Martinez
43%
1 1982 Pascal Simon
43%
1 1985 Régis Simon
43%
1 2014 Tony Gallopin
43%
2 2010-2013 Christophe Riblon
36%
6 1947-1953 Jean Robic
36%
5 1957-1967 Jean Stablinski
36%
1 1999 Laurent Brochard
36%
1 2017 Lilian Calmejane
36%
1 1967 Lucien Aimar
36%
2 1994-1996 Luc Leblanc
36%
7 1949-1955 Raphaël Géminiani
36%
6 1986-1992 Thierry Marie
36%
1 2000 Christophe Agnolutto
29%
1 1997 Didier Rous
29%
2 1996 Frédéric Moncassin
29%
1 2006 Jimmy Casper
29%
1 2020 Nans Peters
29%
1 1993 Pascal Lino
29%
1 2002 Patrice Halgand
29%
8 1934-1947 René Vietto
29%
4 1967-1969 Roger Pingeon
29%
5 1959-1960 Roger Rivière
29%
1 2008 Samuel Dumoulin
29%
1 2006 Sylvain Calzati
29%
2 1990-1991 Thierry Claveyrolat
29%
1 2024 Anthony Turgis
21%
1 1997 Christophe Mengin
21%
7 1970-1974 Cyrille Guimard
21%
1 1992 Dominique Arnould
21%
5 1975-1978 Jacques Esclassan
21%
1 1997 Laurent Desbiens
21%
1 1980 Bernard Vallet
14%
1 1983 Dominique Gaigne
14%
4 1954-1958 Gilbert Bauvin
14%
1 1992 Gilles Delion
14%
2 1948-1949 Guy Lapébie
14%
1 1959 Henri Anglade
14%
1 1954 Jean Dotto
14%
1 1953 Jean Mallejac
14%
1 1984 Pascal Poisson
14%
1 1967 Raymond Riotte
14%
1 1981 Robert Alban
14%
1 1989 Vincent Barteau
14%
1 1971 Bernard Labourdette
7%
2 1968 Charly Grosskost
7%
2 1978-1979 Christian Seznec
7%
1 1996 Cyril Saugrain
7%
1 1994 Eddy Seigneur
7%
1 1947 Édouard Fachleitner
7%
2 1984-1985 Frédéric Vichot
7%
1 1968 Gilbert Bellone
7%
4 1954-1961 Jean Forestier
7%
5 1959-1960 Jean Graczyk
7%
7 1970-1977 Jean-Pierre Danguillaume
7%
3 1968-1974 Jean-Pierre Genet
7%
1 1989 Joël Pelier
7%
1 1959 Joseph Groussard
7%
2 1954-1955 Lucien Lazaridès
7%
4 1947-1954 Lucien Teisseire
7%
1 1983 Michel Laurent
7%
2 1950-1953 Nello Lauredi
7%
1 1984 Pascal Jules
7%
2 1960-1966 Pierre Beuffeuil
7%
3 1977-1982 Pierre-Raymond Villemiane
7%
2 1969-1976 Raymond Delisle
7%
3 1983-1987 Régis Clère
7%
1 1977 Régis Delépine
7%
1 1979 René Bittinger
7%
8 1955-1959 Roger Hassenforder
7%
1 1972 Yves Hezard
7%
2 1949-1951 Adolphe Deledda
0%
1 1977 Alain Meslet
0%
1 1947 Albert Bourlon
0%
1 1961 Anatole Novak
0%
1 1968 André Desvasges
0%
1 1959 André Le Dissez
0%
1 1957 André Trochut
0%
1 1948 Bernard Gauthier
0%
1 1953 Bernard Quennehen
0%
1 1977 Bernard Quilfen
0%
1 1970 Christian Raymond
0%
1 1973 Claude Tollet
0%
1 1950 Custodio Dos Reis
0%
2 1954 Dominique Forlini
0%
1 1951 Edouard Müller
0%
2 1939-1947 Éloi Tassin
0%
1 1950 Émile Baffert
0%
1 1949 Émile Idée
0%
1 1974 Francis Campaner
0%
1 1985 Francis Castaing
0%
1 1954 François Mahé
0%
1 1952 Georges Decaux
0%
2 1951-1953 Georges Meunier
0%
1 1948 Gino Sciardis
0%
3 1961-1963 Guy Ignolin
0%
1 1947 Henri Massal
0%
1 1976 Hubert Mathis
0%
1 1983 Jacques Michaud
0%
1 1948 Jacques Pras
0%
1 1957 Jean Bourlès
0%
1 1992 Jean-Claude Colotti
0%
1 1968 Jean Dumont
0%
1 1958 Jean Gainche
0%
1 1980 Jean-Louis Gauthier
0%
1 1974 Jean-Luc Molineris
0%
1 1956 Joseph Morvan
0%
1 1956 Joseph Thomin
0%
1 1967 José Samyn
0%
2 1958-1961 Louis Bergaud
0%
2 1949-1955 Louis Caput
0%
3 1949-1954 Marcel Dussault
0%
1 1950 Marcel Molinès
0%
1 1959 Marcel Queheille
0%
1 1987 Martial Gayant
0%
1 1947 Maurice Diot
0%
1 1968 Maurice Izier
0%
1 1953 Maurice Quentin
0%
1 1959 Michel Dejouhannet
0%
1 1967 Paul Lemeteyer
0%
1 1983 Philippe Chevallier
0%
1 1983 Philippe Leleu
0%
1 1984 Pierre-Henry Mentheour
0%
1 1983 Pierre Le Bigaut
0%
1 1969 Pierre Matignon
0%
1 1952 Pierre Molineris
0%
2 1948-1952 Raoul Rémy
0%
1 1967 Raymond Mastrotto
0%
4 1957-1960 René Privat
0%
1 1954 Robert Varnajo
0%
1 1951 Roger Lévêque
0%
1 1953 Stanislas Bober
0%
Aucun quiz correspondant
Distribution des résultats
% des personnes avec chaque résultat
Percentile par nombre de réponses
Votre historique - résultats
Vous n’avez pas pris ce quiz depuis la dernière actualisation